000 01351nam0a2200373 4500
001 RU\NLR\bibl\1439381
005 20260406002545.0
010 _a978-5-91146-350-2
_9300
021 _aRU
_b2009-77345
_94842
035 _a(nilc)RSL-KNO-004388476
035 _a(NLR Aleph) 001431242
090 _a1404047
_c1404047
100 _a20090918d2009 |||y0rusy50 ca
101 0 _arus
_deng
102 _aRU
105 _ay zzzz|||||
200 1 _aДеколониальные гендерные эпистемологии
_fМадина Тлостанова
210 _aМосква
_cМаска
_d2009
215 _a384 с.
_d20
300 _aРез. на англ. яз.
300 _aНа 4-й с. обл. авт.: М.В. Тлостанова - д.филол.н., проф.
320 _aБиблиогр.: с. 371-382
606 1 _aГендерные исследования
_yРоссия
_92406756
_3RU\NLR\auth\661434280
610 0 _aгендер
686 _aС555.67,0
_2rubbk
686 _aС550.53
700 1 _4070
_7ca
_8rus
_aТлостанова
_bМ. В.
_f1970-
_gМадина Владимировна
_995022
_3RU\NLR\auth\77112097
801 0 _aRU
_bРКП
_c20090918
_grcr
801 1 _aRU
_bРГБ
_c20090918
801 2 _aRU
_bNLR
_c20091117
_grcr
830 _aавт. по кн.
942 _cBOOK
980 _aNB